| 000 | 00541nam a22001937a 4500 | ||
|---|---|---|---|
| 003 | KOHA_MİRAKIL | ||
| 005 | 20250410141523.0 | ||
| 008 | 250410b tu ||||| |||| 00| 0 tur d | ||
| 020 | _a9786058093515 | ||
| 040 |
_aTR-AnABB _btur _cTR-AnABB |
||
| 041 | _atur | ||
| 082 |
_a818.4208 _bSAB 2019 |
||
| 100 |
_aSabahattin Ali, _d1907-1948 |
||
| 245 | 1 | 0 |
_aEhliyetsiz iktidar / _cSabahattin Ali |
| 260 |
_aİstanbul : _bKopernik Kitap, _c2019 |
||
| 300 |
_a242 sayfa ; _c20 cm |
||
| 650 | 0 | 4 | _aTürk edebiyatı, roman |
| 942 |
_2ddc _cBK |
||
| 999 |
_c8624 _d8624 |
||
| 900 | _bGizem YORULMAZ | ||